| 000 | 00683nam a22001935i 4500 | ||
|---|---|---|---|
| 001 | 54929 | ||
| 003 | ES-MaACL | ||
| 007 | t| | ||
| 008 | 951113s1881 sp ||||1| spa d | ||
| 040 |
_aCARM _bspa _cCCPB | SIC |
||
| 100 | 1 |
_aGarcía, Pedro de Alcántara, _d1842-1906 _954086 |
|
| 245 | 1 | 3 |
_aLa educación popular / _cPedro de Alcántara García. |
| 260 |
_aMadrid : _bLibrería Universal, _c1881 ( _fImprenta de la Biblioteca del Pueblo, á cargo de A. Ruiz de Castroviejo) |
||
| 300 |
_a72 p. ; _c17 cm. |
||
| 490 | 1 |
_aBiblioteca del pueblo ; _v7 |
|
| 830 | 0 |
_aBiblioteca del pueblo ; _v7 _9187680 |
|
| 852 |
_aES-MaACL _jT-950-F-3 |
||
| 999 |
_c54929 _d54929 |
||